000
00315nam a22001457a 4500
008
210308b ||||| |||| 00| 0 eng d
020
_a
9780073380759
041
_a
eng
080
_2
7th
_a
316
082
_a
316
100
_a
50
101
_a
SOC
245
_a
Drugs in Perspective
_c
Fields, R
942
_2
udc
_c
BK
999
_c
55934
_d
55934